| 000 -LEADER |
| fixed length control field |
00368cam a22001097a 4500 |
| 008 - FIXED-LENGTH DATA ELEMENTS--GENERAL INFORMATION |
| fixed length control field |
180718b1995 xxu||||| |||| 00| 0 eng d |
| 100 ## - MAIN ENTRY--PERSONAL NAME |
| Personal name |
Vagmai, SriRam Sharma Aacharya |
| 245 ## - TITLE STATEMENT |
| Title |
Teerth seven: kyon aur kaise? |
| Statement of responsibility, etc. |
by SriRam Sharma Aacharya Vagmai;edited by Brahmverchasva |
| 260 ## - PUBLICATION, DISTRIBUTION, ETC. |
| Place of publication, distribution, etc. |
Mathura |
| Name of publisher, distributor, etc. |
Akhand Jyoti Sansthan |
| Date of publication, distribution, etc. |
1995 |
| 650 ## - SUBJECT ADDED ENTRY--TOPICAL TERM |
| Topical term or geographic name entry element |
Teerth |
| 700 ## - ADDED ENTRY--PERSONAL NAME |
| Personal name |
Brahmverchasva |